Christmas carol / (Record no. 104200)
[ view plain ]
| 000 -LEADER | |
|---|---|
| fixed length control field | 00582nam a2200169 a 4500 |
| 005 - DATE AND TIME OF LATEST TRANSACTION | |
| control field | 20140412111315.0 |
| 008 - FIXED-LENGTH DATA ELEMENTS--GENERAL INFORMATION | |
| fixed length control field | 001208s19uu xx 00 eng d |
| 020 ## - INTERNATIONAL STANDARD BOOK NUMBER | |
| International Standard Book Number | 0-7214-0745-5 |
| 050 ## - LIBRARY OF CONGRESS CALL NUMBER | |
| Classification number | ER |
| Item number | Ch461 1982 |
| 100 ## - MAIN ENTRY--PERSONAL NAME | |
| Personal name | Dickens, Charles |
| 245 ## - TITLE STATEMENT | |
| Title | Christmas carol / |
| Statement of responsibility, etc | by Charles Dickens ; retold by Joan Collins ; illustrated by Chris Russell of Hurlston Design. |
| 260 ## - PUBLICATION, DISTRIBUTION, ETC. (IMPRINT) | |
| Place of publication, distribution, etc | Loughborough, Leicestershire, UK : |
| Name of publisher, distributor, etc | Ladybird Books Ltd, |
| Date of publication, distribution, etc | 1982. |
| 300 ## - PHYSICAL DESCRIPTION | |
| Extent | 50 p. ; ill. |
| 440 ## - SERIES STATEMENT/ADDED ENTRY--TITLE | |
| Title | Ladybird Children's Classic |
| 650 ## - SUBJECT ADDED ENTRY--TOPICAL TERM | |
| Topical term or geographic name as entry element | Christmas stories -- Fiction |
| Withdrawn status | Lost status | Damaged status | Use restrictions | Home library | Current library | Shelving location | Date acquired | Source of acquisition | Total Checkouts | Full call number | Barcode | Date last seen | Price effective from | Koha item type |
|---|---|---|---|---|---|---|---|---|---|---|---|---|---|---|
| Elizalde Library | Elizalde Library | Easy Reading Section | 12/08/2000 | ER Ch461 1982 | E6976 | 04/12/2014 | 04/12/2014 | Books |